000 00844nam a22002177a 4500
999 _c9819
_d9819
003 AR-CdUCM
008 190328b ||||| |||| 00| 0 spa d
040 _aMUNICIPALIDAD PROVINCIAL DEL CUSCO
_cBIBLIOTECA MUNICIPAL DEL CUSCO
082 _22ed.
_aC / 985.0096 /
_bP78
100 _aPorras Barrenechea, Raul
_926276
245 _aLas relaciones primitivas de la conquista del Perú /
260 _aLima :
_bMinerva,
_c1967.
300 _a106 páginas ;
_bláminas.
_c21 cm.
440 _aInstituto Raul Porras Barrenechea
_n3
_926277
505 _aContenido: Bosquejo bibliográfico -- Cronistas del descubrimiento -- Cronistas de la conquista -- El anonimo sevillano de 1534 -- Cristobal de Mena...
650 _aCronistas.
_91200
650 _aCristobal de Mena.
_926278
650 _aConquista.
_91045
942 _2ddc
_cLIBROS
945 _awfj